Normal view MARC view
  • SRINIVASAN, DR. R & SINGH, DR. AJAY PAL AND TILEKAR, PROF DEVIKA K

Entry Personal Name

Number of records used in: 1

001 - CONTROL NUMBER

  • control field: 8561

003 - CONTROL NUMBER IDENTIFIER

  • control field: JRU

005 - DATE AND TIME OF LATEST TRANSACTION

  • control field: 20240919154655.0

008 - FIXED-LENGTH DATA ELEMENTS

  • fixed length control field: 240919|| aca||aabn | a|a d

040 ## - CATALOGING SOURCE

  • Original cataloging agency: JRU
  • Transcribing agency: JRU

100 ## - HEADING--PERSONAL NAME

  • Personal name: SRINIVASAN, DR. R & SINGH, DR. AJAY PAL AND TILEKAR, PROF DEVIKA K

670 ## - SOURCE DATA FOUND

  • Source citation: Work cat.: (JRU)8690: SRINIVASAN, DR. R & SINGH, DR. AJAY PAL AND TILEKAR, PROF DEVIKA K., BIOCHEMISTRY AND CLINICAL PATHOLOGY [D.PHARMA, 2ND YEAR]